00675nam a2200205Ia 4500003000900000008004100009020001800050040001600068080001900084100002300103245009000126260003300216300001500249650004100264650002700305650002000332942000700352999001500359952009500374IN-BaIIA211028s9999 xx 000 0 eng d a0-08-029330-1 cIIA Library a524.728bALL-3 aAllen, B. J915225 0aNeutron radiative capturecB. J Allen  aOxfordbPergamon Pressc1984 axiv, 270p. aAstronomy and astrophysics thesaurus aNeutron physics912844 aNeutrons915226 cBK c9055d9055 00104070aBANbBANcGENd1987-06-24l0o524.728/ ALL-3p9952r2021-11-05w1987-06-24yBK